A nevelési folyamat korszerűsítéséért
Elmentve itt :
| Szerző: | |
|---|---|
| Dokumentumtípus: | Cikk |
| Megjelent: |
1981
|
| Sorozat: | Módszertani közlemények
21 No. 5 |
| Kulcsszavak: | Neveléstudomány |
| Online Access: | http://acta.bibl.u-szeged.hu/26946 |
| LEADER | 00617nab a2200181 i 4500 | ||
|---|---|---|---|
| 001 | acta26946 | ||
| 005 | 20210223155417.0 | ||
| 008 | 161017s1981 hu o 0|| hun d | ||
| 022 | |a 1219-0039 | ||
| 040 | |a SZTE Egyetemi Kiadványok Repozitórium |b hun | ||
| 041 | |a hun | ||
| 100 | 1 | |a Daróczy Sándor | |
| 245 | 1 | 2 | |a A nevelési folyamat korszerűsítéséért |h [elektronikus dokumentum] / |c Daróczy Sándor |
| 260 | |c 1981 | ||
| 300 | |a 285-288 | ||
| 490 | 0 | |a Módszertani közlemények |v 21 No. 5 | |
| 695 | |a Neveléstudomány | ||
| 856 | 4 | 0 | |u http://acta.bibl.u-szeged.hu/26946/1/modszertani_021_005_285-288.pdf |z Dokumentum-elérés |